تاريخ كيمبردج للاسلام المجتمع و الحضارة الاسلامية / (Record no. 62351)
[ view plain ]
| 000 -الفاتح | |
|---|---|
| حقل البيانات ثابتة الطول | 00847nam a22002177a 4500 |
| 005 - وقت وتاريخ اخر تعامل مع التسجيلة | |
| رقم الضبط | 20240530110546.0 |
| 008 - عناصر البيانات ثابتة الطول - معلومات عامة | |
| حقل البيانات ثابتة الطول | 160103s2010 ua g 000 0 ara d |
| 040 ## - مصدر الفهرسة | |
| وكالة الفهرسة الأصلية | EG-CaGPL |
| 082 04 - رقم تصنيف ديوى العشرى | |
| رقم الطبعة | 21 |
| رقم التصنيف | 509\ |
| رقم المادة | ج ت |
| 100 1# - المدخل الرئيسى - إسم شخصى | |
| الإسم الشخصى | هلوت ، ب. م . |
| 245 10 - بيان العنوان | |
| العنوان | تاريخ كيمبردج للاسلام المجتمع و الحضارة الاسلامية / |
| بيان المسئوليه,etc | تحرير ب. م هلوت ، ان ك. س لامبتون ، برنارد لويس . |
| 250 ## - بيان الطبعة | |
| بيان الطبعة | ط1. |
| 260 ## - PUBLICATION, DISTRIBUTION, ETC. (IMPRINT) | |
| تاريخ النشر أو التوزيع | 2010. |
| 300 ## - الوصف المادى | |
| التعداد | 179 ص ؛ |
| أبعاد الوعاء | 24 سم . |
| 650 04 - المدخل الاضافى بالموضوع-مصطلح موضوعى | |
| مصطلح موضوعي | الحضارة العربية . |
| 650 04 - المدخل الاضافى بالموضوع-مصطلح موضوعى | |
| مصطلح موضوعي | الحضارة الاسلامية . |
| 650 04 - المدخل الاضافى بالموضوع-مصطلح موضوعى | |
| مصطلح موضوعي | العلماء العرب . |
| 650 04 - المدخل الاضافى بالموضوع-مصطلح موضوعى | |
| مصطلح موضوعي | العلوم عند العرب . |
| 942 ## - عناصر المدخل الإضافي( كوها) | |
| مصدر التصنيف او مخطط الترفيف | Dewey Decimal Classification |
| Koha [default] item type | كتاب |
| 260 ## - PUBLICATION, DISTRIBUTION, ETC. (IMPRINT) | |
| -- | الاسكندرية : |
| -- | المكتب الجامعى الحديث ، |
| حالة التراجع | حالة الفقد | حالة تلف | ليس للاعارة | المكان المؤقت | الموقع الحالى | تاريخ الاكتساب | اجمالي اﻻعارات | رقم الطلب | الباركود | تاريخ اخر مشاهدة | تاريخ تفعيل السعر | نوع وعاء كوها |
|---|---|---|---|---|---|---|---|---|---|---|---|---|
| مكتبة القاهرة الكبرى | مكتبة القاهرة الكبرى | 05/28/2016 | 509\ ج ت | 162040 | 05/28/2016 | 05/28/2016 | كتاب |

